Howard-vizsgálatra alkalmas, állandósított paradicsompüré-készítmények előállítása

Verfasser beschreiben die Herstellung von zu mikroskopischen Zwecken geeigneten fixierten Paradeissaft-präparaten; dieselben sind mit den bisherigen verglichen aus didaktischem Gesichtspunkte vorteilhafter und ausserdem nicht nur zu Lehrzwecken, sondern — infolge ihres vorschriftmässigen Inhaltes an...

Teljes leírás

Elmentve itt :
Bibliográfiai részletek
Szerzők: Fábri Ilona
Vas Károly
Dokumentumtípus: Cikk
Megjelent: Műszaki Könyvkiadó Budapest 1957
Sorozat:Élelmiszervizsgálati közlemények 3 No. 1-2
Kulcsszavak:Élelmiszervizsgálat - analitikai kémia - módszer, Élelmiszerkémia - módszer
Tárgyszavak:
Online Access:http://acta.bibl.u-szeged.hu/81735
LEADER 03427nab a2200277 i 4500
001 acta81735
005 20230926101326.0
008 230926s1957 hu o 0|| hun d
040 |a SZTE Egyetemi Kiadványok Repozitórium  |b hun 
041 |a hun 
041 |a eng 
041 |a ger 
041 |a fre 
041 |a rus 
100 1 |a Fábri Ilona 
245 1 0 |a Howard-vizsgálatra alkalmas, állandósított paradicsompüré-készítmények előállítása  |h [elektronikus dokumentum] /  |c  Fábri Ilona 
260 |a Műszaki Könyvkiadó  |b Budapest  |c 1957 
300 |a 66-72 
490 0 |a Élelmiszervizsgálati közlemények  |v 3 No. 1-2 
520 3 |a Verfasser beschreiben die Herstellung von zu mikroskopischen Zwecken geeigneten fixierten Paradeissaft-präparaten; dieselben sind mit den bisherigen verglichen aus didaktischem Gesichtspunkte vorteilhafter und ausserdem nicht nur zu Lehrzwecken, sondern — infolge ihres vorschriftmässigen Inhaltes an Paradeistrockensubstanz und ihrer Schichtdicke — auch zur normentsprechenden Howardzahlbestimmung geeignet. Das Wesentliche des Verfahrens besteht darin, dass von dem cca. auf pH = 6 eingestellten, 9% Paradeistrockensubstanz, 3% Agar und 0,1% Formaldehyd enthaltenden Paradeissaft in der Howard Kammer eine Lamelle von 0,1 mm Schichtdicke hergestellt und dieselbe auf einem mit Schabion versehenen Objektträger unter dem Deckglas in Kanadabalsam eingebettet wird. Preparation of a new type of permanent mould count slide has been developed which not only is of superior didactical value, but also has the advantage of being directly applicable to standard Howard counting, due to the prescribed tomato solids content (njjn= 1,3447— 1,3460) and to the standard thickness (0,1, mm.) of the tomato layer contained in it. The method essentially consists in preparing a disc from tomato juice of pH 6 and of tomato solids content as stated above, preserved by 0,1% formaldehyde (СШО), and solidified with 3% agar in a regular Howard chamber. This tomato agar disc is embedded in Canada balsam on a microscopic slide provided with a perforated cellophane pattern (4, 5). The preparation is then covered by a cover-plate. 1. Fábri et К. Vas Les auteurs décrivent la production des preparations microscopiques de jus de tomate conservées, laquelle, en vue didactique, semblent d’étre supérieures aux précédentes, et, de plus, ne sont pas uniquement convenables á enseigner, mais,, grä:e ä leur contenus en tomates sees préserits ainsi qu’a leur épaisseur de couche, sont aussi propres au dénombrement régulier selon Howard. L’essentiel de cette méthode consiste dans la production d’une lamelle de l’épaisseur de 0,1 mm et d’un pH égal ä 6 environ, consistante d’un jus de tomates qui contient 9% de sees, 3% d’agar et 0,1% de formaldehyde; la production est effectuée dans une chambre Howard. Le produit est mis en baume de Canada posé sur l’objectif et observé par une plaque de Couverture ä une échelle d’observation. 
650 4 |a Műszaki és technológiai tudományok 
650 4 |a Egyéb műszaki tudományok és technológiák 
650 4 |a Élelmiszer és italfélék 
695 |a Élelmiszervizsgálat - analitikai kémia - módszer, Élelmiszerkémia - módszer 
700 0 1 |a Vas Károly  |e aut 
856 4 0 |u http://acta.bibl.u-szeged.hu/81735/1/elelmiszervizsgalati_kozlemenyek_1957_01-02_066-072.pdf  |z Dokumentum-elérés